Lanean...
Molecular plant pathology
| Egile nagusia: | |
|---|---|
| Formatua: | Printed Book |
| Hizkuntza: | Undetermined |
| Argitaratua: |
London
BIOS Scientific publishers
2003
|
| Gaiak: |
| LEADER | 00539nam a2200157Ia 4500 | ||
|---|---|---|---|
| 008 | 140316s9999 xx 000 0 und d | ||
| 020 | |a 1859960448 | ||
| 082 | |a 632.9 |b DIC/MO | ||
| 100 | |a Dickinson,M | ||
| 245 | |a Molecular plant pathology | ||
| 260 | |a London |b BIOS Scientific publishers |c 2003 | ||
| 300 | |a 244 | ||
| 650 | |a Plant pathology | ||
| 942 | |2 ddc |c BK | ||
| 999 | |c 11260 |d 11260 | ||
| 952 | |0 0 |1 0 |2 ddc |4 0 |6 632_900000000000000_DICMO |7 0 |9 12467 |a KAUCLV |b KAUCLV |c GENERAL |d 2014-03-18 |l 7 |m 1 |o 632.9 DIC/MO |p 220035 |r 2020-03-12 |s 2020-03-06 |w 2014-03-18 |y BK | ||